000 00340nam a2200145Ia 4500
008 230917s9999||||xx |||||||||||||| ||und||
040 _e37592
_aMAIN
041 _aEnglish
082 _a658.07 L349T
100 _aLatif, T A A
245 0 _aTraining for management
260 _aDelhi
_bSterling
_c1977
300 _a236 p.
942 _cBK
999 _c184899
_d184899